The 50 Best Rappers According to Forbes - Statistics

General Stats
  • This quiz has been taken 20 times
    15 since last reset
  • The average score is 22 of 50
Answer Stats
Answer % Correct
24 50 Cent
100%
6 Drake
100%
10 Eminem
100%
1 Jay-Z
100%
5 Tupac
100%
2 Kendrick Lamar
91%
9 Nas
91%
18 Snoop Dogg
91%
12 Biggie
82%
25 Ice Cube
82%
3 Lil Wayne
82%
11 Andre 3000
73%
29 Dr. Dre
73%
7 Kanye West
73%
4 J. Cole
64%
39 Method Man
55%
8 Nicki Minaj
55%
21 Rakim
55%
33 Future
45%
28 Lauryn Hill
45%
16 Lil' Kim
45%
13 Missy Elliott
45%
47 Chief Keef
36%
14 Chuck D
36%
20 Common
36%
23 DMX
36%
35 LL Cool J
36%
42 Prodigy
36%
17 Tyler, The Creator
36%
22 Big Daddy Kane
27%
32 Busta Rhymes
27%
48 Cardi B
27%
27 Juice WRLD
27%
26 MF DOOM
27%
46 Pusha T
27%
49 Young Thug
27%
15 A$AP Rocky
18%
19 Ghostface Killah
18%
31 Mos Def
18%
30 Queen Latifah
18%
34 Childish Gambino
9%
41 Lupe Fiasco
9%
36 MC Lyte
9%
40 Bad Bunny
0%
38 E-40
0%
43 Melle Mel
0%
45 M.I.A
0%
37 Roc Marciano
0%
44 Takeoff
0%
50 Talib Kweli
0%
No matching quizzes found
Score Distribution
Percent of People with Each Score
Percentile by Number Answered
Your Score History
You have not taken this quiz since the last reset